Amor es rey tan grande (Record no. 178515)
[ view plain ]
| 000 -LEADER | |
|---|---|
| campo de control de longitud fija | 00904nam a22002535i 4500 |
| 001 - NÚMERO DE CONTROL | |
| campo de control | 178515 |
| 003 - IDENTIFICADOR DE NÚMERO DE CONTROL | |
| campo de control | ES-MaACL |
| 005 - FECHA Y HORA DE LA ÚLTIMA TRANSACCIÓN | |
| campo de control | 20260301183426.0 |
| 008 - DATOS DE LONGITUD FIJA--INFORMACIÓN GENERAL | |
| campo de control de longitud fija | 110606s2000 sp |||| | spa d |
| 020 ## - NÚMERO INTERNACIONAL ESTÁNDAR DEL LIBRO | |
| Número Internacional Estándar del Libro | 84-95354-27-6 |
| 080 ## - NÚMERO DE LA CLASIFICACIÓN DECIMAL UNIVERSAL | |
| Número de la Clasificación Decimal Universal | 929 Leonor (460.18) |
| 080 ## - NÚMERO DE LA CLASIFICACIÓN DECIMAL UNIVERSAL | |
| Número de la Clasificación Decimal Universal | 929 Alfonso (460.18) XI |
| 100 1# - ENTRADA PRINCIPAL--NOMBRE DE PERSONA | |
| Nombre de persona | Merino, Ignacio. |
| 9 (RLIN) | 80516 |
| 245 10 - MENCIÓN DEL TÍTULO | |
| Título | Amor es rey tan grande |
| Resto del título | : Leonor de Guzmán / |
| Mención de responsabilidad, etc. | Ignacio Merino ; prólogo de Fernando García de Cortázar. |
| 260 ## - PUBLICACIÓN, DISTRIBUCIÓN, ETC. | |
| Lugar de publicación, distribución, etc. | Madrid : |
| Nombre del editor, distribuidor, etc. | Maeva, |
| Fecha de publicación, distribución, etc. | D. L. 2000. |
| 300 ## - DESCRIPCIÓN FÍSICA | |
| Extensión | 488 p. ; |
| Dimensiones | 22 cm. |
| 490 1# - MENCIÓN DE SERIE | |
| Mención de serie | Nueva historia |
| 600 04 - PUNTO DE ACCESO ADICIONAL DE MATERIA--NOMBRE DE PERSONA | |
| Nombre de persona | Leonor |
| Títulos y otros términos asociados al nombre | Reina consorte de Alfonso XI, Rey de Castilla. |
| 9 (RLIN) | 146942 |
| 600 04 - PUNTO DE ACCESO ADICIONAL DE MATERIA--NOMBRE DE PERSONA | |
| Nombre de persona | Alfonso |
| Numeración | XI, |
| Títulos y otros términos asociados al nombre | Rey de Castilla |
| 9 (RLIN) | 19873 |
| 700 1# - ENTRADA AGREGADA--NOMBRE PERSONAL | |
| Nombre de persona | García de Cortázar, Fernando. |
| 9 (RLIN) | 54413 |
| 830 0# - PUNTO DE ACCESO ADICIONAL DE SERIE-TÍTULO UNIFORME | |
| Título uniforme | Nueva historia |
| 9 (RLIN) | 191014 |
| 852 ## - LOCALIZACIÓN | |
| Ubicación | ES-MaACL |
| Número de control de estantería | E-15268 |
| Nota libre | .- Dedicatoria y firma autógrafa del autor |
| Estatus retirado | Estado de pérdida | Estado de daño | No para préstamo | Biblioteca de origen | Biblioteca actual | Ubicación en estantería | Fecha de adquisición | Fuente de adquisición | Total de préstamos | Signatura topográfica completa | Código de barras | Visto por última vez | Precio de reemplazo | Tipo de ítem Koha |
|---|---|---|---|---|---|---|---|---|---|---|---|---|---|---|
| Biblioteca del Ateneo de Madrid | Biblioteca del Ateneo de Madrid | Depósito 2 | 06/06/2011 | E-15268 | 1187518 | 23/02/2023 | 23/02/2023 | Libro impreso |
